Images par lettre - A - - Statistiques

Statistiques générales
  • Ce quiz a été pris 99 fois
  • Le résultat moyen est 11 sur 16
Statistiques - réponses
Par images Réponse % Correct
Abricot
98%
Argentine
98%
Accordéon
94%
Aurore boréale
93%
Anaconda
89%
Adele
83%
Arabie Saoudite
81%
Aqueduc
69%
Albatros
63%
Atlas
63%
Achilles
61%
Anarchisme
55%
Absinthe
53%
Atari
36%
Ayatollah
29%
Abaque
9%
Aucun quiz correspondant
Distribution des résultats
% des personnes avec chaque résultat
Percentile par nombre de réponses
Votre historique - résultats
Vous n’avez pas pris ce quiz